[Event "HUN-chT2 9495"]
[Site "Hungary"]
[Date "1995.??.??"]
[Round "?"]
[White "Bezdan, Tibor"]
[Black "Racz, Zoltan"]
[Result "1/2-1/2"]
[WhiteElo "2280"]
[BlackElo "2250"]
[PlyCount "51"]
[EventDate "1994.??.??"]
[EventType "team-tourn"]
[EventRounds "13"]
[EventCountry "HUN"]
[SourceTitle "EXT 1999"]
[Source "ChessBase"]
[SourceDate "1998.11.16"]
[SourceVersion "1"]
[SourceVersionDate "1998.11.16"]
[SourceQuality "1"]

1. e4 c6 2. d4 d5 3. e5 Bf5 4. g4 Bg6 5. Ne2 e6 6. h4 h6 7. Nf4 Be4 8. Rh3 Nd7 9. Nc3 Bh7 10. Bd3 Bxd3 11. Qxd3 Ne7 12. Nce2 c5 13. c3 Qb6 14. Nh5 Nc6 15. Bd2 0-0-0 16. 0-0-0 Kb8 17. Kb1 Na5 18. Rf3 Nc4 19. b3 Na3+ 20. Ka1 c4 21. bxc4 dxc4 22. Qe4 g6 23. Nhg3 Rh7 24. Nf1 Qb5 25. Ne3 Nb6 26. Bc1 1/2-1/2

[Event "HUN-chT2 9596"]
[Site "Hungary"]
[Date "1995.??.??"]
[Round "7"]
[White "Donka, Peter"]
[Black "Bezdan, Tibor"]
[Result "1/2-1/2"]
[WhiteElo "2225"]
[BlackElo "2275"]
[PlyCount "28"]
[EventDate "1995.??.??"]
[EventType "team-tourn"]
[EventRounds "11"]
[EventCountry "HUN"]
[SourceTitle "EXT 2000"]
[Source "ChessBase"]
[SourceDate "1999.11.16"]
[SourceVersion "1"]
[SourceVersionDate "1999.11.16"]
[SourceQuality "1"]

1. d4 e6 2. Nf3 Nf6 3. Bg5 Be7 4. e3 d5 5. Bd3 Nbd7 6. Nbd2 c5 7. c3 b6 8. Ne5 Qc7 9. f4 0-0 10. Qf3 Re8 11. 0-0 Nf8 12. Qh3 N6d7 13. Bxe7 Rxe7 14. Qh4 f6 1/2-1/2

[Event "HUN-chT2 9495"]
[Site "Hungary"]
[Date "1995.??.??"]
[Round "?"]
[White "Galyas, Miklos"]
[Black "Bezdan, Tibor"]
[Result "1/2-1/2"]
[WhiteElo "2275"]
[BlackElo "2280"]
[PlyCount "30"]
[EventDate "1994.??.??"]
[EventType "team-tourn"]
[EventRounds "13"]
[EventCountry "HUN"]
[SourceTitle "EXT 1999"]
[Source "ChessBase"]
[SourceDate "1998.11.16"]
[SourceVersion "1"]
[SourceVersionDate "1998.11.16"]
[SourceQuality "1"]

1. e4 e6 2. d4 d5 3. e5 c5 4. c3 Qb6 5. Nf3 Nc6 6. Be2 Nh6 7. Bxh6 gxh6 8. Qd2 Bd7 9. 0-0 0-0-0 10. dxc5 Bxc5 11. b4 Be7 12. a4 f6 13. exf6 Bxf6 14. Na3 Rhg8 15. Nb5 Ne5 1/2-1/2

[Event "HUN-chT2 9495"]
[Site "Hungary"]
[Date "1995.??.??"]
[Round "?"]
[White "Kotan, Ladislav"]
[Black "Bezdan, Tibor"]
[Result "1-0"]
[WhiteElo "2350"]
[BlackElo "2280"]
[PlyCount "124"]
[EventDate "1994.??.??"]
[EventType "team-tourn"]
[EventRounds "13"]
[EventCountry "HUN"]
[SourceTitle "EXT 1999"]
[Source "ChessBase"]
[SourceDate "1998.11.16"]
[SourceVersion "1"]
[SourceVersionDate "1998.11.16"]
[SourceQuality "1"]

1. e4 e6 2. d4 d5 3. Nd2 c5 4. Ngf3 cxd4 5. Nxd4 Nc6 6. Bb5 Bd7 7. Nxc6 Bxc6 8. Qe2 Qb6 9. Bd3 Nf6 10. e5 Nd7 11. 0-0 Nc5 12. Re1 Be7 13. Nb3 Nxd3 14. Qxd3 0-0 15. c3 Bd7 16. Qg3 f5 17. exf6 Bxf6 18. Be3 Qd8 19. Bd4 Rf7 20. Bxf6 Qxf6 21. Re5 Raf8 22. f3 b6 23. Rae1 Qh6 24. Nd4 Rf6 25. Qg5 Qxg5 26. Rxg5 Re8 27. Rge5 Rf7 28. Kf2 g6 29. h4 b5 30. g3 a5 31. a3 Rfe7 32. f4 Kf7 33. h5 Rb8 34. Nc2 Kf6 35. Ne3 Ree8 36. hxg6 hxg6 37. Ng4+ Kg7 38. Rg5 Rh8 39. Ne5 Be8 40. Nxg6 Rh2+ 41. Kf3 Rb6 42. Ne5+ Kf8 43. Re2 Rxe2 44. Kxe2 b4 45. axb4 axb4 46. Kd3 bxc3 47. Kxc3 Rb7 48. Nd3 Rc7+ 49. Kd2 Kf7 50. Re5 Ba4 51. f5 Rc2+ 52. Ke3 exf5 53. Rxd5 Ke6 54. Rc5 Rh2 55. Ra5 Bc2 56. Nf4+ Kd6 57. b4 Be4 58. Ra6+ Kd7 59. Ne2 Rh1 60. Nc3 Rg1 61. Rg6 Bc2 62. Rg7+ Kc6 1-0

[Event "HUN-chT2 9394"]
[Site "Hungary"]
[Date "1994.??.??"]
[Round "?"]
[White "Bezdan, Tibor"]
[Black "Mathe, Gaspar"]
[Result "1/2-1/2"]
[WhiteElo "2270"]
[BlackElo "2400"]
[PlyCount "90"]
[EventDate "1993.??.??"]
[EventType "team-tourn"]
[EventRounds "13"]
[EventCountry "HUN"]
[SourceTitle "TD"]
[Source "ChessBase"]
[SourceDate "1994.03.01"]
[SourceVersion "1"]
[SourceVersionDate "1994.03.01"]
[SourceQuality "1"]

1. e4 e5 2. Nf3 Nc6 3. Bb5 a6 4. Ba4 Nf6 5. 0-0 Be7 6. Re1 b5 7. Bb3 0-0 8. a4 Bb7 9. d3 d6 10. Nc3 b4 11. Nd5 Nxd5 12. Bxd5 Rb8 13. b3 Bf6 14. Bb2 Re8 15. Qd2 Qd7 16. Rad1 h6 17. h3 Bc8 18. d4 Na5 19. dxe5 dxe5 20. Qe3 c6 21. Bc4 Nxc4 22. bxc4 Qe7 23. c5 Qc7 24. Rd6 Re6 25. Red1 Qa5 26. Nxe5 Rxe5 27. Rxf6 Rg5 28. h4 Rg4 29. Rxc6 Be6 30. f3 Rg6 31. h5 Rg5 32. f4 Rg4 33. Qf3 Rc8 34. Rxe6 Qxc5+ 35. Bd4 Qxh5 36. Re5 Qg6 37. Rd2 b3 38. cxb3 Rc1+ 39. Kf2 Rh4 40. Re8+ Kh7 41. Rd1 Rc2+ 42. Kg1 Rxf4 43. Qh3 f6 44. Re7 Rh4 45. Qf3 Rf4 1/2-1/2

[Event "HUN-chT2 9394"]
[Site "Hungary"]
[Date "1994.??.??"]
[Round "?"]
[White "Veroci, Zsuzsa"]
[Black "Bezdan, Tibor"]
[Result "1/2-1/2"]
[WhiteElo "2320"]
[BlackElo "2270"]
[PlyCount "47"]
[EventDate "1993.??.??"]
[EventType "team-tourn"]
[EventRounds "13"]
[EventCountry "HUN"]
[SourceTitle "TD"]
[Source "ChessBase"]
[SourceDate "1994.03.01"]
[SourceVersion "1"]
[SourceVersionDate "1994.03.01"]
[SourceQuality "1"]

1. e4 e6 2. d4 d5 3. e5 c5 4. c3 Qb6 5. a3 Bd7 6. b4 cxd4 7. cxd4 Bb5 8. Bxb5+ Qxb5 9. Nc3 Qc4 10. Nge2 Nd7 11. 0-0 Nb6 12. Bf4 Qc6 13. Qb3 Ne7 14. Rfc1 Nc4 15. b5 Qd7 16. Na4 Nc8 17. Nc5 Qc7 18. Nd3 Qa5 19. Rc3 Be7 20. Nc5 Qc7 21. Nd3 Qa5 22. Nc5 Qc7 23. Rg3 g6 24. Nd3 1/2-1/2

[Event "HUN-chT"]
[Site "Hungary"]
[Date "1993.??.??"]
[Round "?"]
[White "Bezdan, Tibor"]
[Black "Danner, Georg"]
[Result "1-0"]
[WhiteElo "2310"]
[BlackElo "2340"]
[PlyCount "79"]
[EventDate "1993.??.??"]
[EventType "team-tourn"]
[EventRounds "13"]
[EventCountry "HUN"]
[SourceTitle "TD"]
[Source "ChessBase"]
[SourceDate "1994.03.01"]
[SourceVersion "1"]
[SourceVersionDate "1994.03.01"]
[SourceQuality "1"]

1. e4 c5 2. c3 d5 3. exd5 Qxd5 4. d4 Nf6 5. Nf3 Nc6 6. Be3 cxd4 7. cxd4 e6 8. Nc3 Qd6 9. a3 Be7 10. Bd3 0-0 11. 0-0 b6 12. b4 Bb7 13. Qb3 Rac8 14. h3 a5 15. b5 Nb8 16. Ne5 Nbd7 17. Nc4 Qb8 18. Rac1 Nd5 19. Nxd5 Bxd5 20. Qb2 Qb7 21. f3 Nf6 22. Bf4 Bxc4 23. Rxc4 Nd5 24. Be5 Rxc4 25. Bxc4 Rc8 26. Rc1 h5 27. a4 h4 28. Bxd5 exd5 29. Rxc8+ Qxc8 30. Qb3 Qc1+ 31. Kh2 Qc4 32. Qd1 f6 33. Bf4 g5 34. Be3 Kf7 35. Kg1 Bd6 36. Qb1 Kg7 37. Qd1 Qc3 38. Bf2 Bf4 39. Qe1 Qc7 40. Qe6 1-0

[Event "Eger op"]
[Site "Eger"]
[Date "1992.??.??"]
[Round "?"]
[White "Kuznecov, Igor"]
[Black "Bezdan, Tibor"]
[Result "0-1"]
[WhiteElo "2210"]
[BlackElo "2310"]
[PlyCount "79"]
[EventDate "1992.??.??"]
[EventType "swiss"]
[EventRounds "9"]
[EventCountry "HUN"]
[SourceTitle "EXT 1997"]
[Source "ChessBase"]
[SourceDate "1996.11.15"]
[SourceVersion "1"]
[SourceVersionDate "1996.11.15"]
[SourceQuality "1"]

1. e4 e6 2. d4 d5 3. e5 c5 4. c3 Qb6 5. Nf3 Nc6 6. a3 c4 7. Nbd2 Na5 8. g3 Bd7 9. Bh3 h5 10. 0-0 Ne7 11. Re1 g6 12. Nf1 Nf5 13. Qe2 Nb3 14. Rb1 Nxc1 15. Rbxc1 Be7 16. Bxf5 exf5 17. h4 Be6 18. Ne3 0-0 19. Ng2 Kg7 20. Nf4 Qc6 21. Qc2 b5 22. Nh2 a5 23. Nf1 b4 24. cxb4 axb4 25. Ne3 bxa3 26. b3 c3 27. Nd3 Rfe8 28. f4 Qb6 29. Qf2 a2 30. Ra1 Qxb3 31. Nc1 Qb2 32. Rxa2 Rxa2 33. Nxa2 c2 34. Nc1 Bb4 35. Rf1 Ba3 36. Qd2 Kh7 37. Kf2 Bb4 38. Qd3 Rc8 39. Qa6 Qa3 40. Qe2 0-1

[Event "Kecskemet op"]
[Site "Kecskemet"]
[Date "1991.??.??"]
[Round "2"]
[White "Lovass, Imre"]
[Black "Bezdan, Tibor"]
[Result "1-0"]
[WhiteElo "2255"]
[BlackElo "2295"]
[PlyCount "69"]
[EventDate "1991.??.??"]
[EventType "swiss"]
[EventRounds "9"]
[EventCountry "HUN"]
[SourceTitle "TD"]
[Source "ChessBase"]
[SourceDate "1994.03.01"]
[SourceVersion "1"]
[SourceVersionDate "1994.03.01"]
[SourceQuality "1"]

1. d4 c5 2. d5 e5 3. e4 d6 4. Nc3 Be7 5. Nf3 Bg4 6. Be2 Bxf3 7. Bxf3 Na6 8. 0-0 Nc7 9. a4 Bg5 10. Bxg5 Qxg5 11. g3 Qe7 12. Qd2 Nf6 13. Rae1 0-0 14. Bg2 b6 15. f4 Nd7 16. Bh3 a6 17. Nb1 Rab8 18. c3 b5 19. a5 c4 20. Bxd7 Qxd7 21. Na3 exf4 22. Qxf4 Ne8 23. Nc2 Nf6 24. Nd4 Qc7 25. Nf5 Ne8 26. Kg2 Qxa5 27. Ne7+ Kh8 28. Nc6 Qc7 29. Nxb8 Qxb8 30. e5 dxe5 31. Qxe5 Qa8 32. Rd1 Nf6 33. Rxf6 gxf6 34. Qxf6+ Kg8 35. Rd4 1-0

[Event "Eger op"]
[Site "Eger"]
[Date "1988.??.??"]
[Round "?"]
[White "Bezdan, Tibor"]
[Black "Baum, Bernd"]
[Result "1/2-1/2"]
[WhiteElo "2285"]
[BlackElo "2215"]
[PlyCount "35"]
[EventDate "1988.??.??"]
[EventType "swiss"]
[EventRounds "7"]
[EventCountry "HUN"]
[SourceTitle "EXT 2000"]
[Source "ChessBase"]
[SourceDate "1999.11.16"]
[SourceVersion "1"]
[SourceVersionDate "1999.11.16"]
[SourceQuality "1"]

1. e4 c5 2. c3 b6 3. d4 Bb7 4. Bd3 Nf6 5. Qe2 e6 6. Nf3 Be7 7. 0-0 Nc6 8. Nbd2 cxd4 9. Nxd4 0-0 10. N2f3 d6 11. Bg5 Nd7 12. Bxe7 Qxe7 13. Rad1 Rfd8 14. Rd2 Nc5 15. Nxc6 Bxc6 16. Bc2 Qb7 17. Re1 e5 18. Rdd1 1/2-1/2

[Event "Budapest Epitok op"]
[Site "Budapest"]
[Date "1988.??.??"]
[Round "?"]
[White "Bezdan, Tibor"]
[Black "Gauglitz, Gernot"]
[Result "1-0"]
[WhiteElo "2285"]
[BlackElo "2405"]
[PlyCount "85"]
[EventDate "1988.01.22"]
[EventType "swiss"]
[EventRounds "9"]
[EventCountry "HUN"]
[SourceTitle "EXT 2008"]
[Source "ChessBase"]
[SourceDate "2007.11.25"]
[SourceVersion "1"]
[SourceVersionDate "2007.11.25"]
[SourceQuality "1"]

1. e4 c5 2. c3 d6 3. d4 Nf6 4. Bd3 g6 5. h3 cxd4 6. cxd4 Bg7 7. Nf3 0-0 8. 0-0 Nc6 9. Nc3 e5 10. Be3 Nh5 11. dxe5 dxe5 12. Bc4 Be6 13. Bxe6 fxe6 14. Bc5 Rf7 15. Qxd8+ Rxd8 16. Ng5 Rf6 17. Rfd1 Rxd1+ 18. Rxd1 h6 19. Nf3 Nf4 20. Kh2 Rf7 21. b4 b6 22. Bd6 a6 23. a4 Rd7 24. b5 axb5 25. axb5 Nd4 26. Nxd4 Rxd6 27. Nc6 Rxd1 28. Nxd1 Kf7 29. Nb2 Ne2 30. Na4 Nd4 31. Nxd4 exd4 32. Nxb6 d3 33. Nc4 Bd4 34. Kg1 Ke7 35. Kf1 Kd7 36. f4 h5 37. Ke1 Bc3+ 38. Kf2 Bd4+ 39. Kf3 Kc7 40. e5 Bg1 41. Ke4 Bh2 42. Kxd3 Bxf4 43. Kd4 1-0

[Event "Eger op"]
[Site "Eger"]
[Date "1988.??.??"]
[Round "?"]
[White "Luther, Thomas"]
[Black "Bezdan, Tibor"]
[Result "1-0"]
[WhiteElo "2410"]
[BlackElo "2285"]
[PlyCount "69"]
[EventDate "1988.??.??"]
[EventType "swiss"]
[EventRounds "7"]
[EventCountry "HUN"]
[SourceTitle "EXT 2000"]
[Source "ChessBase"]
[SourceDate "1999.11.16"]
[SourceVersion "1"]
[SourceVersionDate "1999.11.16"]
[SourceQuality "1"]

1. e4 e6 2. d4 d5 3. Nc3 Bb4 4. e5 c5 5. a3 Bxc3+ 6. bxc3 Qc7 7. Qg4 f5 8. Qh5+ g6 9. Qd1 Bd7 10. h4 Ba4 11. h5 Ne7 12. Ne2 Nd7 13. Bg5 Nf8 14. hxg6 Nexg6 15. Qd2 Rc8 16. Bf6 Rg8 17. c4 dxc4 18. Nc3 Bd7 19. d5 b5 20. dxe6 Bc6 21. a4 a6 22. axb5 axb5 23. Nd5 Bxd5 24. Qxd5 Nf4 25. Qf3 N8xe6 26. c3 Rg4 27. g3 Kf8 28. gxf4 Rxf4 29. Qh5 Re4+ 30. Be2 Nf4 31. Qxf5 Rxe2+ 32. Kf1 Qb7 33. Bg7+ Ke8 34. Qf8+ Kd7 35. Qf7+ 1-0